[Event "ITA-ch U20"]
[Site "Tarvisio"]
[Date "2023.07.08"]
[Round "8"]
[White "Vommaro, Stanislao"]
[Black "Ballabio, Pietro"]
[Result "1-0"]
[WhiteElo "1992"]
[BlackElo "1878"]
[PlyCount "131"]
[EventDate "2023.07.02"]
[EventType "swiss"]
[EventRounds "9"]
[EventCountry "ITA"]
[SourceTitle "EXT 2024"]
[Source "ChessBase"]
[SourceDate "2023.10.10"]
[SourceVersion "1"]
[SourceVersionDate "2023.10.10"]
[SourceQuality "1"]

1. e4 c6 2. Nf3 d5 3. exd5 cxd5 4. Ne5 Nc6 5. Bb5 Qc7 6. d4 e6 7. Bf4 Bd6 8. c4 Nge7 9. c5 Bxe5 10. Bxe5 Qa5+ 11. Nc3 f6 12. Bf4 0-0 13. Bd6 Rf7 14. Bxe7 Rxe7 15. 0-0 a6 16. Bxc6 bxc6 17. Qa4 Qxa4 18. Nxa4 e5 19. Nb6 Rb8 20. Rfe1 Bf5 21. f3 Rbe8 22. dxe5 fxe5 23. Kf2 Bd3 24. Ke3 Bc2 25. Kd2 Bf5 26. Rad1 e4 27. fxe4 Bg4 28. Rc1 dxe4 29. Nc4 Rf8 30. Ke3 Be6 31. b3 Bd5 32. Nd6 Re6 33. Rf1 Ref6 34. Rxf6 Rxf6 35. Re1 h5 36. Nc8 Kf7 37. Re2 Ke6 38. Rf2 Ke5 39. Rxf6 gxf6 40. Ne7 f5 41. Ng6+ Kf6 42. Nf4 h4 43. Kd4 Bf7 44. Ne2 Bd5 45. Nc3 Ke6 46. g4 hxg3 47. hxg3 Kf6 48. b4 Bf7 49. a4 Be8 50. Nd1 Bf7 51. Ne3 Be8 52. Nc4 Bd7 53. Nd6 Kg5 54. Nf7+ Kf6 55. Ne5 Be8 56. g4 fxg4 57. Kxe4 g3 58. Ng4+ Kg5 59. Ne3 Kh4 60. Ke5 Kh3 61. Kd6 g2 62. Nxg2 Kxg2 63. Kc7 Kf3 64. Kb6 Ke4 65. Kxa6 Kd5 66. Kb7 1-0

[Event "ITA-ch U20"]
[Site "Tarvisio"]
[Date "2023.07.07"]
[Round "7"]
[White "Ballabio, Pietro"]
[Black "Sanguinetti, Edoardo1111"]
[Result "1-0"]
[WhiteElo "1878"]
[BlackElo "1967"]
[PlyCount "43"]
[EventDate "2023.07.02"]
[EventType "swiss"]
[EventRounds "9"]
[EventCountry "ITA"]
[SourceTitle "EXT 2024"]
[Source "ChessBase"]
[SourceDate "2023.10.10"]
[SourceVersion "1"]
[SourceVersionDate "2023.10.10"]
[SourceQuality "1"]

1. e4 c5 2. Nc3 Nc6 3. Bb5 Nd4 4. Bc4 g6 5. Nf3 Bg7 6. Nxd4 cxd4 7. Qf3 e6 8. Nb5 d6 9. Qa3 Be5 10. c3 d3 11. 0-0 g5 12. Bxd3 Nf6 13. Bc2 Qb6 14. d4 Bd7 15. dxe5 Bxb5 16. Be3 Qc6 17. Rfd1 dxe5 18. Bxg5 Ng8 19. Qxa7 Rc8 20. c4 Qa6 21. Qc5 Bc6 22. Qxe5 1-0